LEADER 01087nam 2200337Ia 450 001 996389614503316 005 20221108075022.0 035 $a(CKB)4940000000097670 035 $a(EEBO)2264212058 035 $a(OCoLC)09382592 035 $a(EXLCZ)994940000000097670 100 $a19830406d1648 uy | 101 0 $aeng 135 $aurbn||||a|bb| 200 10$aCertaine observations upon some texts of Scripture$b[electronic resource] $egathered together for the setting forth the Kings avthority and the peoples dvty 210 $a[London $cs.n.]$d1648 215 $a[2], 23 p 300 $a"To the reader" signed: T.M. 300 $aReproduction of original in the Cambridge University Library. 330 $aeebo-0021 606 $aDivine right of kings 606 $aPrerogative, Royal 615 0$aDivine right of kings. 615 0$aPrerogative, Royal. 700 $aT. M$01002597 801 1$bEEU 801 2$bWaOLN 906 $aBOOK 912 $a996389614503316 996 $aCertaine observations upon some texts of Scripture$92343070 997 $aUNISA LEADER 01442nam0 22003131i 450 001 UON00296015 005 20231205103942.803 100 $a20070528d1971 |0itac50 ba 101 $afre 102 $aCH 105 $a|||| 1|||| 200 1 $aPrélude au siècle des lumières en France$erépertoire chronologique de 1680 à 1715. 2: 1692-1699$fPierre M. Conlon 210 $aGenève$cLibrairie Droz$d1971 215 $a524 p.$d23 cm. 410 1$1001UON00172967$12001 $aHistoire des Idées et Critique Littéraire$v115 606 $aBIBLIOGRAFIA FRANCESE$xSec. 18.$3UONC064757$2FI 606 $aFrancia$xStoria$xSec. 17.$xBibliografia$3UONC064609$2FI 606 $aILLUMINISMO$xFrancia$xBibliografia$3UONC059533$2FI 606 $aLetteratura francese$xSec. 17.$xBibliografia$3UONC064599$2FI 620 $aCH$dGenève$3UONL003003 676 $a016.944033$cBibliografie e cataloghi di storia della Francia, 1643-1715$v21 700 1$aConlon$bPierre M.$3UONV114739$00 712 $aLibrairie Droz$3UONV246942$4650 801 $aIT$bSOL$c20260403$gRICA 899 $aSIBA - SISTEMA BIBLIOTECARIO DI ATENEO E ARCHIVIO STORICO$2UONSI 912 $aUON00296015 950 $aSIBA - SISTEMA BIBLIOTECARIO DI ATENEO E ARCHIVIO STORICO$dSI S.C I B 40 b $eSI SFR6528 7 40 b 996 $aPrélude au siècle des lumières en France$9148212 997 $aUNIOR